<?xml version="1.0" encoding="UTF-8"?>
<record
    xmlns:xsi="http://www.w3.org/2001/XMLSchema-instance"
    xsi:schemaLocation="http://www.loc.gov/MARC21/slim http://www.loc.gov/standards/marcxml/schema/MARC21slim.xsd"
    xmlns="http://www.loc.gov/MARC21/slim">

  <leader>00679nam a22001937a 4500</leader>
  <controlfield tag="005">20130828150623.0</controlfield>
  <controlfield tag="008">130828b2007    ck ||||| |||| 00| 0 spa d</controlfield>
  <datafield tag="041" ind1=" " ind2=" ">
    <subfield code="a">spa</subfield>
  </datafield>
  <datafield tag="044" ind1=" " ind2=" ">
    <subfield code="a">ck</subfield>
  </datafield>
  <datafield tag="082" ind1=" " ind2=" ">
    <subfield code="a">323.46</subfield>
    <subfield code="b">S21s</subfield>
  </datafield>
  <datafield tag="245" ind1=" " ind2=" ">
    <subfield code="a">Situaci&#xF3;n de los derechos econ&#xF3;micos sociales y culturales en la Amazon&#xED;a Colombiana</subfield>
  </datafield>
  <datafield tag="260" ind1=" " ind2=" ">
    <subfield code="a">Colombia</subfield>
    <subfield code="b">Observatorio DESC Amazon&#xED;a</subfield>
    <subfield code="c">2007</subfield>
  </datafield>
  <datafield tag="300" ind1=" " ind2=" ">
    <subfield code="a">71 p.</subfield>
    <subfield code="b">il., tablas, mapas</subfield>
    <subfield code="c">30 cm.</subfield>
  </datafield>
  <datafield tag="650" ind1="2" ind2="4">
    <subfield code="a">Derechos econ&#xF3;micos y sociales</subfield>
    <subfield code="z">Amazon&#xED;a Colombiana</subfield>
    <subfield code="9">1948</subfield>
  </datafield>
  <datafield tag="650" ind1="2" ind2="4">
    <subfield code="a">Derechos humanos</subfield>
    <subfield code="z">Colombia</subfield>
    <subfield code="9">1834</subfield>
  </datafield>
  <datafield tag="700" ind1=" " ind2=" ">
    <subfield code="a">S&#xE1;nchez-Guti&#xE9;rrez, Hayran</subfield>
    <subfield code="e">cons.</subfield>
    <subfield code="9">1949</subfield>
  </datafield>
  <datafield tag="700" ind1=" " ind2=" ">
    <subfield code="a">Ojeda-Moncayo, Amparo</subfield>
    <subfield code="e">cons.</subfield>
    <subfield code="9">1950</subfield>
  </datafield>
  <datafield tag="942" ind1=" " ind2=" ">
    <subfield code="2">ddc</subfield>
    <subfield code="c">Impreso</subfield>
  </datafield>
  <datafield tag="999" ind1=" " ind2=" ">
    <subfield code="c">7642</subfield>
    <subfield code="d">7642</subfield>
  </datafield>
  <datafield tag="952" ind1=" " ind2=" ">
    <subfield code="0">0</subfield>
    <subfield code="1">0</subfield>
    <subfield code="2">ddc</subfield>
    <subfield code="4">0</subfield>
    <subfield code="7">0</subfield>
    <subfield code="8">GENERAL</subfield>
    <subfield code="I">INV2017</subfield>
    <subfield code="a">Bogota</subfield>
    <subfield code="b">Bogota</subfield>
    <subfield code="d">2013-08-28</subfield>
    <subfield code="e">Instituto</subfield>
    <subfield code="g">39000.00</subfield>
    <subfield code="l">0</subfield>
    <subfield code="o">LB-323.46 S21s</subfield>
    <subfield code="p">058445</subfield>
    <subfield code="r">2013-08-28 00:00:00</subfield>
    <subfield code="t">Ej. 1</subfield>
    <subfield code="w">2013-08-28</subfield>
    <subfield code="x">Donaci&#xF3;n</subfield>
    <subfield code="y">LIBRO</subfield>
  </datafield>
</record>
